[Event "XXVIII Magistral Elgoibar 2018"]
[Site "Elgoibar"]
[Date "2018.12.16"]
[Round "7"]
[White "Velten, Paul"]
[Black "Martinez Fernandez, Adrian"]
[Result "1/2-1/2"]
[WhiteElo "2485"]
[BlackElo "2212"]
[Annotator "TA"]
[PlyCount "66"]
[EventDate "2018.12.12"]
[EventType "tourn"]
[EventCountry "ESP"]
[SourceTitle "playchess.com"]
[Source "ChessBase"]
[SourceQuality "1"]

{[%evp 11,66,-20,-27,-19,-25,-22,-18,-18,-17,-14,-14,-3,0,0,0,1,0,-13,14,12,12,12,15,15,15,15,16,7,9,8,8,10,24,0,0,0,0,0,0,0,20,0,0,0,0,0,0,0,0,0,0,0,0,0,0,0,0]} 1. d4 d5 2. Nf3 Nf6 3. Bf4 c5 4. e3 Nc6 5. Nc3 Bg4 6. dxc5 {D02: 1 d4 d5 2 Nf3 sidelines, including 2...Nf6 3 g3 and 2...Nf6 3 Bf4} (6. Be2 e6 7. O-O Bxf3 8. Bxf3 cxd4 9. exd4 Bd6 10. Be3 a6 11. Ne2 Qc7 12. g3 O-O 13. Nc1 b5 14. Nd3 b4 15. Kg2 Rfc8 16. Qe2 Qb6 17. Rfc1 {½-½ (115) Kovalev,V (2641)-Onischuk,A (2685) Khanty-Mansiysk 2017}) 6... e6 {LiveBook: 5 Games} 7. h3 Bxf3 8. Qxf3 {Black has an edge.} Bxc5 9. Bb5 O-O 10. O-O a6 $146 ({Predecessor:} 10... Qb6 11. a3 a6 12. Bxc6 Qxc6 13. Rfd1 {0-1 (31) Marculescu,G (1829)-Bujdak,P (1973) LSS email 2009}) 11. Bxc6 bxc6 12. Na4 Bd6 13. c4 Ne4 {White must now prevent ...Nd2.} 14. Rfd1 Bxf4 15. Qxf4 Qa5 16. b3 Nc3 17. Nxc3 Qxc3 18. Qd6 dxc4 19. Qc5 Rad8 20. bxc4 Rxd1+ 21. Rxd1 $11 {[%mdl 4096] Endgame KQR-KQR} Qc2 22. Rd6 Qb1+ {The position is equal.} 23. Kh2 Qxa2 24. Rxc6 {[#] Rc8 would kill now.} h5 {[%cal Bh7h5,Bh5h4][%mdl 32]} 25. Kg3 Qe2 26. Rc8 $40 {[%mdl 128] White mounts an attack.} h4+ 27. Kh2 Rxc8 28. Qxc8+ {KQ-KQ} Kh7 29. c5 {[%cal Bc4c5,Bc5c6,Bc6c7][%mdl 32]} Qxf2 30. Qb8 Qxe3 31. c6 Qc5 32. c7 Qe5+ 33. Kg1 Qe1+ {Accuracy: White = 73%, Black = 80%.} 1/2-1/2

[Event "XXVIII Magistral Elgoibar 2018"]
[Site "Elgoibar"]
[Date "2018.12.16"]
[Round "7"]
[White "Oratovsky, Michael"]
[Black "Starostits, Ilmars"]
[Result "1-0"]
[WhiteElo "2464"]
[BlackElo "2458"]
[Annotator "TA"]
[PlyCount "87"]
[EventDate "2018.12.12"]
[EventType "tourn"]
[EventCountry "ESP"]
[SourceTitle "playchess.com"]
[Source "ChessBase"]
[SourceQuality "1"]

{[%evp 25,87,75,74,77,140,129,206,203,183,180,138,131,118,118,122,120,167,160,182,115,149,115,122,112,127,102,102,102,97,102,137,137,127,110,189,146,143,139,173,177,174,182,192,200,295,296,295,294,295,295,295,295,294,293,361,371,542,542,583,566,662,656,647,647]} 1. e4 c6 2. d4 d5 3. Nd2 dxe4 4. Nxe4 Bf5 5. Ng3 Bg6 6. Nh3 e6 7. Nf4 Bd6 8. c3 Nf6 9. h4 {B18: Classical Caro-Kann: 4...Bf5 sidelines} Bxf4 10. Bxf4 h6 11. h5 (11. a4 O-O 12. a5 Nd5 13. Bd2 Nd7 14. c4 N5f6 15. h5 Bh7 16. Bc3 c5 {1-0 (68) Ivanchuk,V (2726)-Artemiev,V (2691) Huaian 2017}) 11... Bh7 12. Qb3 Qb6 13. Qa3 Nbd7 {LiveBook: 14 Games} 14. Rd1 Rd8 $146 {[#]} ({Better is} 14... Rc8) ({Predecessor:} 14... O-O-O 15. Be2 Rhe8 16. c4 e5 17. dxe5 Nxe5 {1-0 (31) Gabrielian,A (2503)-Volkov,R (2065) Kazan 2018}) 15. Bd6 $1 $16 Ne4 (15... Rc8 $16 {is a better defense.}) 16. Nxe4 $18 Bxe4 17. Rh4 Bf5 18. Bb4 Qc7 19. Qxa7 Rc8 20. g3 g5 21. hxg6 $1 fxg6 22. Qa3 (22. g4 $18 g5 23. gxf5 gxh4 24. fxe6) 22... g5 23. Bd6 Qb6 24. Rh2 Kf7 25. Qb4 Qxb4 26. Bxb4 Ra8 27. a3 b5 28. Bg2 Rac8 29. Kd2 Nb6 (29... e5 $16 30. Re1 exd4 31. cxd4 c5) 30. Kc1 Nd5 31. Bd6 h5 32. Be5 Rh7 33. Rdh1 Kg6 34. f3 {Threatens to win with g4!} g4 (34... h4 $142 35. Kd2 Nb6) 35. fxg4 Bxg4 36. Be4+ Bf5 37. Bf3 Nf6 38. Bxf6 Kxf6 39. Rxh5 Rxh5 40. Rxh5 {KRB-KRB} ({Not} 40. Bxh5 Be4 $18) 40... c5 (40... Rg8 $142 41. Bxc6 Rxg3) 41. g4 {White is clearly winning.} cxd4 42. gxf5 exf5 43. Rh6+ Ke5 44. Rc6 {Precision: White = 63%, Black = 32%.} 1-0

[Event "XXVIII Magistral Elgoibar 2018"]
[Site "Elgoibar"]
[Date "2018.12.16"]
[Round "7"]
[White "Moreno Ruiz, Javier"]
[Black "Napoli, Nicolo"]
[Result "1-0"]
[WhiteElo "2450"]
[BlackElo "2289"]
[Annotator "TA"]
[PlyCount "147"]
[EventDate "2018.12.12"]
[EventType "tourn"]
[EventCountry "ESP"]
[SourceTitle "playchess.com"]
[Source "ChessBase"]
[SourceQuality "1"]

{[%evp 22,147,-1,0,41,52,56,58,56,62,67,43,46,10,-1,13,3,6,84,72,53,33,40,31,35,26,48,50,58,58,59,58,85,83,79,75,75,75,75,75,75,74,78,62,75,75,61,49,75,75,87,88,111,91,92,92,92,92,117,77,77,77,77,77,112,20,117,66,160,160,160,160,160,69,160,75,75,75,75,0,0,0,75,75,75,0,75,0,75,75,75,75,151,139,154,139,323,132,132,0,323,323,323,323,323,314,2064,2055,1979,1898,1874,1526,1526,1500,1487,1474,1446,1441,1298,314,29976,29976,29974,29975,29983,29984,29984,29983]} 1. d4 Nf6 2. c4 e6 3. Nc3 Bb4 4. e3 b6 5. Nge2 c5 6. a3 Ba5 7. Rb1 Na6 8. g3 Bb7 {E42: Nimzo-Indian: Rubinstein: 4...c5 5 Ne2} 9. d5 b5 10. Bg2 bxc4 11. O-O O-O 12. e4 {LiveBook: 65 Games} Re8 13. Bg5 $146 {aiming for e5.} ({Predecessor:} 13. dxe6 Rxe6 14. Bg5 h6 15. Bxf6 Rxf6 16. Qa4 {1-0 (54) Wojtaszek,R (2663)-Granda Zuniga,J (2639) Burguillos 2010}) 13... exd5 14. Nxd5 Bxd5 15. Bxf6 Qxf6 16. Qxd5 {[%mdl 64] Double Attack} Qe6 {White must now prevent ...Qxd5.} 17. Rfd1 Qxd5 18. Rxd5 Rab8 19. Rxd7 c3 (19... Nc7 $1 $11 {remains equal.}) 20. Rxa7 Rxb2 21. Nxc3 {[%mdl 64] Remove Defender} (21. Re1 {keeps more tension.} Nb4 22. axb4 Bxb4 23. Bf3 c2 24. Rf1) 21... Bxc3 22. Rxb2 Bxb2 23. Rxa6 $16 {[%mdl 4096] Endgame KRB-KRB} g6 24. a4 Rc8 25. Bh3 Rc7 26. Rb6 Bd4 {...c4 is the strong threat.} 27. Rd6 Kf8 28. Rd7 Rxd7 29. Bxd7 {KB-KB} c4 30. Bb5 c3 {Hoping for ...c2.} 31. Bd3 Ke7 32. Kf1 Kd6 33. Ke2 Bb6 34. f4 f6 35. Bc2 h6 36. h3 Ke6 37. Bb3+ Kd6 38. Kd3 Bf2 39. g4 Be1 40. e5+ fxe5 41. f5 gxf5 42. gxf5 h5 43. Ke4 (43. Bd1 $16) 43... Bf2 (43... Bh4 $11) 44. Bc2 (44. a5 $16) 44... Bb6 {[#]} (44... Bh4 $1 $14) 45. Kd3 $1 Kd5 46. Bb3+ ({Don't play} 46. Kxc3 e4 $16) 46... Kc5 47. Bd1 (47. f6 $16 {And now f7 would win.} Kb4 48. Bc2) 47... h4 (47... Ba5 $14) 48. Ke4 ({White should play} 48. Kxc3 e4 49. f6 Ba5+ 50. Kc2) 48... Kd6 49. Bc2 Ba5 50. Kf3 (50. Bb1 $16) 50... Bd8 $11 51. Bb3 Bb6 (51... Kc5 $11 {keeps the balance.}) 52. Ke4 $16 Bd8 53. Bc2 Ba5 $1 54. Bb3 (54. Ke3 $16) 54... Bb6 (54... Bd8 $11) 55. Kd3 Ba5 56. Kc4 Bb6 (56... e4 $142) 57. Bc2 Bd4 58. Be4 Bb6 $2 (58... Ke7 $16 59. a5 Kd6) 59. Kb5 (59. Kxc3 $18 {is the precise move to win.} Kc5 60. Kd3) 59... Be3 {[#]} 60. Kc4 $2 (60. a5 $1 $16) 60... Bb6 $1 $18 61. Kxc3 Kc5 62. Kd3 Kb4 63. Bc6 Kc5 $2 (63... Bd8 64. Bf3 Kc5) 64. Be8 Kd5 65. Bf7+ Kd6 66. Ke4 Ke7 67. Bb3 Kf6 68. Bc2 Ba5 69. Kd5 Bc3 70. Be4 $2 (70. Kc4 Ba1 71. a5) 70... Kg5 $2 (70... Bd2 $18 71. Kc5 Ke7) 71. Ke6 {White mates.} Kf4 72. Bc2 e4 73. f6 e3 74. Bd1 {Accuracy: White = 65%, Black = 41%.} 1-0

[Event "XXVIII Magistral Elgoibar 2018"]
[Site "Elgoibar"]
[Date "2018.12.16"]
[Round "7"]
[White "Ambartsumova, Karina"]
[Black "Suarez Garcia, Carlos"]
[Result "1-0"]
[WhiteElo "2383"]
[BlackElo "2449"]
[Annotator "TA"]
[PlyCount "103"]
[EventDate "2018.12.12"]
[EventType "tourn"]
[EventCountry "ESP"]
[SourceTitle "playchess.com"]
[Source "ChessBase"]
[SourceQuality "1"]

{[%evp 15,103,39,22,-6,14,26,19,24,58,-43,51,51,48,26,24,16,62,28,49,39,102,94,99,101,95,91,134,138,145,106,115,89,112,120,138,123,138,129,138,133,379,367,366,435,526,432,468,465,412,321,321,303,307,314,314,314,306,298,439,335,287,0,489,469,405,249,512,507,558,556,556,556,551,550,544,540,484,441,634,633,623,616,816,717,583,522,570,550,733,732]} 1. d4 d5 2. c4 e6 3. Nf3 c6 4. Qc2 dxc4 5. Qxc4 Nf6 6. Bg5 b5 {D30: Queen's Gambit Declined: Systems without Nc3} 7. Qc2 Bb7 8. e4 {[%cal Be2e4,Be4e5][%mdl 32]} Nbd7 {LiveBook: 46 Games. White is slightly better.} 9. Nc3 a6 10. e5 h6 11. Bd2 Nd5 12. a4 $146 ({Better is} 12. Nxd5 $14 cxd5 13. a4) ({Predecessor:} 12. Nxd5 cxd5 13. Bd3 Rc8 14. Qb3 {1-0 (56) Korotylev,A (2605)-Geller,J (2496) Sochi 2005}) 12... b4 (12... Nb4 $1 $15 13. Qd1 c5 14. axb5 Bxf3 15. gxf3 cxd4) 13. Nxd5 $14 cxd5 14. Bd3 Rc8 15. Qd1 Be7 16. O-O a5 17. Qe2 Nb8 (17... Qb6 $14) 18. Be3 $16 Qb6 19. Nd2 g6 20. Nb3 h5 21. Rfc1 Nc6 22. Bb5 O-O 23. Bd3 Kg7 24. Qd2 Rh8 25. Bg5 Rhe8 26. Qf4 {[#] And now Rxc6! would win.} Bxg5 27. Qxg5 Nxd4 $2 (27... Ba6 $16 28. Qf6+ Kh6) 28. Rxc8 $18 Bxc8 29. Qe3 Ba6 {intending ...Bxd3.} 30. Bxa6 Qxa6 31. Nxd4 Rc8 32. Rc1 Rxc1+ 33. Qxc1 Qd3 34. Nf3 Qb3 35. Qa1 Qd3 36. h4 b3 (36... Qc2 {was called for.} 37. Nd4 Qe4) 37. Qe1 Qc4 38. Qa1 $2 (38. Qxa5 Qc1+ 39. Kh2 Qf4+ 40. Kh1 Qc1+ 41. Kh2 Qf4+ 42. Kg1 Qc1+ 43. Qe1 Qxb2 $11) (38. Qc3 $18) 38... d4 $2 {[%mdl 8192]} (38... Qd3 $1 $11 {and Black is okay.}) 39. Qd1 d3 40. Ne1 Qxh4 $2 (40... d2 {was worth a try.} 41. Qxd2 Qxa4) 41. Qxb3 {White is clearly winning.} d2 {[%cal Rd2e1] [#]} 42. Nf3 $1 {[%csl LRd2,LRh4]} Qb4 43. Qxb4 d1=Q+ 44. Qe1 Qxa4 45. Qd2 Qb5 46. Qc3 a4 (46... Qb6 $142 47. Ng5 Qd8) 47. Ng5 Qe2 48. Qd4 Qe1+ 49. Kh2 {White threatens Qf4 and mate.} Qc1 50. Nf3 Qc2 51. Qd2 Qe4 52. Qg5 {Accuracy: White = 75%, Black = 35%.} 1-0

[Event "XXVIII Magistral Elgoibar 2018"]
[Site "Elgoibar"]
[Date "2018.12.17"]
[Round "8"]
[White "Strikovic, Aleksa"]
[Black "Oratovsky, Michael"]
[Result "1/2-1/2"]
[WhiteElo "2488"]
[BlackElo "2464"]
[Annotator "TA"]
[PlyCount "26"]
[EventDate "2018.12.12"]
[EventType "tourn"]
[EventCountry "ESP"]
[SourceTitle "playchess.com"]
[Source "ChessBase"]
[SourceQuality "1"]

{[%evp 22,26,-14,-22,0,-9,21]} 1. Nf3 c5 2. c4 Nc6 3. g3 e5 4. Nc3 g6 5. Bg2 Bg7 6. O-O Nge7 7. Ne1 {[%cal Bf3e1,Be1c2,Bc2e3][%mdl 32]} O-O 8. Nc2 a6 {A37: Symmetrical English vs ...g6: 4 Bg2 Bg7 5 Nf3} (8... d6 9. Rb1 Be6 10. Ne3 a6 11. Ned5 b5 12. d3 Rb8 13. Bg5 f6 14. Bd2 Qd7 15. b3 h6 16. Nxe7+ Nxe7 {0-1 (38) Zhou,J (2624)-Sjugirov,S (2663) Qinhuangdao 2018}) 9. Ne3 Rb8 10. a4 d6 11. d3 Nb4 12. Bd2 {LiveBook: 11 Games} Be6 13. Ncd5 Nbc6 $146 ({Predecessor:} 13... Nec6 14. a5 Nxa5 15. Nxb4 cxb4 16. Bxb4 {1-0 (57) Johansen,D (2512)-Soylu,S (2365) Bled 2002}) 1/2-1/2

[Event "XXVIII Magistral Elgoibar 2018"]
[Site "Elgoibar"]
[Date "2018.12.17"]
[Round "8"]
[White "Starostits, Ilmars"]
[Black "Ambartsumova, Karina"]
[Result "1/2-1/2"]
[WhiteElo "2458"]
[BlackElo "2383"]
[Annotator "TA"]
[PlyCount "23"]
[EventDate "2018.12.12"]
[EventType "tourn"]
[EventCountry "ESP"]
[SourceTitle "playchess.com"]
[Source "ChessBase"]
[SourceQuality "1"]

{[%evp 14,23,13,0,25,8,8,0,5,-8,0,-10]} 1. d4 Nf6 2. Nf3 e6 3. e3 d5 4. Bd3 c5 5. b3 Be7 6. Bb2 O-O 7. O-O b6 8. Ne5 {LiveBook: 8 Games. D05: Colle System with ...e6} (8. dxc5 Bxc5 9. Nbd2 Bb7 10. Qe2 Nbd7 11. c4 dxc4 12. Nxc4 Qe7 13. a3 a5 14. Nd4 Rfd8 15. Rfd1 Rac8 16. Rac1 Nf8 17. Qe1 Ng6 18. Bf1 Ng4 19. Nb5 {0-1 (52) Carlsen,M (2853)-Karjakin,S (2769) New York 2016 CBM 176 [Caruana,F]}) 8... Ba6 9. Nc6 $146 ({Predecessor:} 9. Bxa6 Nxa6 10. Nc6 Qd7 11. Nxe7+ Qxe7 12. Nd2 Rac8 13. Nf3 c4 {0-1 (37) Ventura,C (1860)-Getz,A (2223) ICC INT 2009}) 9... Nxc6 {The position is equal.} 10. Bxa6 Qc7 11. Be2 Bd6 12. g3 1/2-1/2

[Event "XXVIII Magistral Elgoibar 2018"]
[Site "Elgoibar"]
[Date "2018.12.17"]
[Round "8"]
[White "Suarez Garcia, Carlos"]
[Black "Moreno Ruiz, Javier"]
[Result "0-1"]
[WhiteElo "2449"]
[BlackElo "2450"]
[Annotator "ChessBase"]
[PlyCount "92"]
[EventDate "2018.12.12"]
[EventType "tourn"]
[EventCountry "ESP"]
[SourceTitle "playchess.com"]
[Source "ChessBase"]
[SourceQuality "1"]
[TimeControl "5400+30"]

1. Nf3 {[%emt 1:30:30]} c5 {[%emt 1:30:30]} 2. b3 {[%emt 0:00:30]} Nc6 {[%emt 0:00:30]} 3. Bb2 {[%emt 0:00:30]} d6 {[%emt 0:00:30]} 4. e3 {[%emt 0:00:30]} e5 {[%emt 0:00:30]} 5. d4 {[%emt 0:00:30]} cxd4 {[%emt 0:00:30]} 6. exd4 {[%emt 0:00:30]} e4 {[%emt 0:00:30]} 7. Nfd2 {[%emt 0:00:30]} d5 {[%emt 0:00:30]} 8. c4 {[%emt 0:00:30]} Nf6 {[%emt 0:00:30]} 9. a3 {[%emt 0:00:30]} Bg4 {[%emt 0:00:30]} 10. Be2 {[%emt 0:00:30]} Bxe2 {[%emt 0:00:30]} 11. Qxe2 {[%emt 0:00:30]} Be7 {[%emt 0:00:30]} 12. cxd5 {[%emt 0:00:30]} Nxd5 {[%emt 0:00:30]} 13. Qxe4 {[%emt 0:00:30]} O-O {[%emt 0:00:30]} 14. O-O {[%emt 0:00:30]} Re8 {[%emt 0:00:30]} 15. Qf3 {[%emt 0:00:30]} Bf6 {[%emt 0:00:30]} 16. Nc3 {[%emt 0:00:30]} Nxd4 {[%emt 0:00:30]} 17. Qxd5 {[%emt 0:00:30]} Ne2+ {[%emt 0:00:30]} 18. Kh1 {[%emt 0:00:30]} Nxc3 {[%emt 0:00:30]} 19. Qxd8 {[%emt 0:00:30]} Raxd8 {[%emt 0:00:30]} 20. Nc4 {[%emt 0:00:30]} b5 {[%emt 0:00:30]} 21. Ne3 {[%emt 0:00:30]} Rd2 {[%emt 0:00:30]} 22. Bxc3 {[%emt 0:00:30]} Bxc3 {[%emt 0:00:30]} 23. Rad1 {[%emt 0:00:30]} Kf8 {[%emt 0:00:30]} 24. Nd5 {[%emt 0:00:30]} Rxd1 {[%emt 0:00:30]} 25. Rxd1 {[%emt 0:00:30]} Bb2 {[%emt 0:00:30]} 26. a4 {[%emt 0:00:30]} bxa4 {[%emt 0:00:30]} 27. bxa4 Re4 {[%emt 0:00:30]} 28. g3 {[%emt 0:01:00]} Rxa4 {[%emt 0:00:30]} 29. Rd3 {[%emt 0:00:30]} Rd4 {[%emt 0:00:30]} 30. Rb3 {[%emt 0:00:30]} Rxd5 {[%emt 0:00:30]} 31. Rb8+ {[%emt 0:00:30]} Ke7 {[%emt 0:00:30]} 32. Rxb2 {[%emt 0:00:30]} a5 {[%emt 0:00:30]} 33. Kg2 {[%emt 0:00:30]} a4 {[%emt 0:00:30]} 34. Kf3 {[%emt 0:00:30]} a3 {[%emt 0:00:30]} 35. Ra2 {[%emt 0:00:30]} Ra5 {[%emt 0:00:30]} 36. Ke4 {[%emt 0:00:30]} Kd6 {[%emt 0:00:30]} 37. Kd4 {[%emt 0:00:30]} Ra7 {[%emt 0:00:30]} 38. Kc4 {[%emt 0:00:30]} Ke5 {[%emt 0:00:30]} 39. f3 {[%emt 0:00:30]} g5 {[%emt 0:00:30]} 40. Re2+ {[%emt 0:00:30]} Kf5 {[%emt 0:00:30]} 41. Ra2 {[%emt 0:00:30]} h5 {[%emt 0:00:30]} 42. Kb4 {[%emt 0:00:30]} h4 {[%emt 0:00:30]} 43. Kc4 {[%emt 0:00:30]} hxg3 {[%emt 0:00:30]} 44. hxg3 {[%emt 0:00:30]} g4 {[%emt 0:00:30]} 45. Kd4 {[%emt 0:00:30]} gxf3 {[%emt 0:00:30]} 46. Ke3 {[%emt 0:00:30]} Ke5 {[%emt 0:00:30] Kd4+ [%clk 0:00:00]} 0-1

[Event "XXVIII Magistral Elgoibar 2018"]
[Site "Elgoibar"]
[Date "2018.12.17"]
[Round "8"]
[White "Huerga Leache, Mikel"]
[Black "Martinez Fernandez, Adrian"]
[Result "1-0"]
[WhiteElo "2448"]
[BlackElo "2212"]
[Annotator "NA"]
[PlyCount "45"]
[EventDate "2018.12.12"]
[EventType "tourn"]
[EventCountry "ESP"]
[SourceTitle "playchess.com"]
[Source "ChessBase"]
[SourceQuality "1"]
[TimeControl "5400+30"]

1. d4 {[%emt 1:30:30]} Nf6 {[%emt 1:30:30]} 2. Nf3 {[%emt 0:00:30]} d5 {[%emt 0:00:30]} 3. g3 {[%emt 0:00:30]} e6 {[%emt 0:00:30]} 4. Bg2 {[%emt 0:00:30]} Be7 {[%emt 0:00:30]} 5. c4 {[%emt 0:00:30]} O-O {[%emt 0:00:30]} 6. Qc2 {[%emt 0:00:30]} dxc4 {[%emt 0:00:30]} 7. Nbd2 {[%emt 0:00:30]} b5 {[%emt 0:00:30]} 8. a4 c6 9. axb5 {[%emt 0:01:00]} cxb5 {[%emt 0:01:00]} 10. Ng5 {[%emt 0:00:30]} h6 {[%emt 0:00:30]} 11. h4 {[%emt 0:00:30]} g6 {[%emt 0:00:30]} 12. Bxa8 {[%emt 0:00:30]} hxg5 {[%emt 0:00:30]} 13. hxg5 {[%emt 0:00:30]} Nd5 {[%emt 0:00:30]} 14. Qe4 {[%emt 0:00:30]} Bxg5 {[%emt 0:00:30]} 15. Qe5 {[%emt 0:00:30]} Bf6 {[%emt 0:00:30]} 16. Qxb8 {[%emt 0:00:30]} Nb4 {[%emt 0:00:30]} 17. Be4 {[%emt 0:00:30]} Bxd4 {[%emt 0:00:30]} 18. Qxb5 {[%emt 0:00:30]} Qf6 {[%emt 0:00:30]} 19. Qxb4 {[%emt 0:00:30]} Qxf2+ {[%emt 0:00:30]} 20. Kd1 {[%emt 0:00:30]} Rd8 {[%emt 0:00:30]} 21. Kc2 {[%emt 0:00:30]} Bc5 {[%emt 0:00:30]} 22. Qc3 {[%emt 0:00:30]} Bd4 {[%emt 0:00:30]} 23. Qf3 {[%emt 0:00:30]} 1-0

[Event "XXVIII Magistral Elgoibar 2018"]
[Site "Elgoibar"]
[Date "2018.12.17"]
[Round "8"]
[White "Napoli, Nicolo"]
[Black "Velten, Paul"]
[Result "0-1"]
[WhiteElo "2289"]
[BlackElo "2485"]
[Annotator "ChessBase"]
[PlyCount "74"]
[EventDate "2018.12.12"]
[EventType "tourn"]
[EventCountry "ESP"]
[SourceTitle "playchess.com"]
[Source "ChessBase"]
[SourceQuality "1"]
[TimeControl "5400+30"]

1. d4 {[%emt 1:30:30]} Nf6 {[%emt 1:30:30]} 2. c4 {[%emt 0:00:30]} e6 {[%emt 0:00:30]} 3. Nf3 {[%emt 0:00:30]} d5 {[%emt 0:00:30]} 4. Nc3 {[%emt 0:00:30]} Bb4 {[%emt 0:00:30]} 5. Qa4+ {[%emt 0:00:30]} Nc6 {[%emt 0:00:30]} 6. Ne5 {[%emt 0:00:30]} Bd7 {[%emt 0:00:30]} 7. Nxd7 {[%emt 0:00:30]} Qxd7 {[%emt 0:00:30]} 8. e3 {[%emt 0:00:30]} e5 {[%emt 0:00:30]} 9. a3 {[%emt 0:00:30]} exd4 {[%emt 0:00:30]} 10. axb4 {[%emt 0:00:30]} dxc3 {[%emt 0:00:30]} 11. bxc3 {[%emt 0:00:30]} O-O {[%emt 0:00:30]} 12. c5 {[%emt 0:00:30]} Qf5 {[%emt 0:00:30]} 13. Bb5 {[%emt 0:00:30]} Ne5 {[%emt 0:00:30]} 14. O-O {[%emt 0:00:30]} c6 {[%emt 0:00:30]} 15. Be2 {[%emt 0:00:30]} Rfd8 {[%emt 0:00:30]} 16. Qa2 {[%emt 0:00:30]} h6 {[%emt 0:00:30]} 17. Qb1 {[%emt 0:00:30]} Qe6 {[%emt 0:00:30]} 18. Qc2 {[%emt 0:00:30]} b6 {[%emt 0:00:30]} 19. Ra6 {[%emt 0:00:30]} bxc5 {[%emt 0:00:30]} 20. bxc5 {[%emt 0:00:30]} Ne4 {[%emt 0:00:30]} 21. Ba3 {[%emt 0:00:30]} Re8 {[%emt 0:00:30]} 22. Bb4 {[%emt 0:00:30]} Nc4 {[%emt 0:00:30]} 23. Bxc4 {[%emt 0:00:30]} dxc4 {[%emt 0:00:30]} 24. f3 {[%emt 0:00:30]} Nf6 {[%emt 0:00:30]} 25. e4 {[%emt 0:00:30]} Red8 {[%emt 0:00:30]} 26. Rd1 {[%emt 0:00:30]} Ne8 {[%emt 0:00:30]} 27. Rxd8 {[%emt 0:00:30]} Rxd8 {[%emt 0:00:30]} 28. Rxa7 {[%emt 0:00:30]} Rd3 {[%emt 0:00:30]} 29. Qe2 {[%emt 0:00:30]} Nf6 {[%emt 0:00:30]} 30. g3 {[%emt 0:00:30]} Nd7 {[%emt 0:00:30]} 31. Ra8+ {[%emt 0:00:30]} Kh7 {[%emt 0:00:30]} 32. Ra1 {[%emt 0:00:30]} Ne5 {[%emt 0:00:30]} 33. Rf1 {[%emt 0:00:30]} Qd7 {[%emt 0:00:30]} 34. f4 {[%emt 0:00:30]} Rd2 {[%emt 0:00:30]} 35. Qh5 {[%emt 0:00:30]} g6 {[%emt 0:00:30]} 36. Qh4 {[%emt 0:00:30]} Ng4 {[%emt 0:00:30]} 37. f5 {[%emt 0:00:30]} Ne3 {[%emt 0:00:30]} 0-1

[Event "XXVIII Magistral Elgoibar 2018"]
[Site "Elgoibar"]
[Date "2018.12.18"]
[Round "9"]
[White "Velten, Paul"]
[Black "Suarez Garcia, Carlos"]
[Result "1/2-1/2"]
[WhiteElo "2485"]
[BlackElo "2449"]
[Annotator "TA"]
[PlyCount "25"]
[EventDate "2018.12.12"]
[EventType "tourn"]
[EventCountry "ESP"]
[SourceTitle "playchess.com"]
[Source "ChessBase"]
[SourceQuality "1"]

{[%evp 14,19,6,0,13,4,15,8]} 1. d4 d5 2. Nf3 e6 3. c4 c6 4. e3 f5 5. Nbd2 Nf6 6. g3 Bd6 7. Bg2 O-O 8. O-O {The position is equal.} Qe7 {A90: Dutch Defence: Miscellaneous and Modern Stonewall (with ...Bd6)} 9. Qc2 Nbd7 10. b3 {Predecessor:} b6 $146 11. Bb2 Bb7 12. Ne5 Rac8 13. Nd3 {½-½ (43) Kustanovich,M (2210)-Bykhovsky,A (2420) Beersheba 1997} 1/2-1/2

[Event "XXVIII Magistral Elgoibar 2018"]
[Site "Elgoibar"]
[Date "2018.12.18"]
[Round "9"]
[White "Oratovsky, Michael"]
[Black "Huerga Leache, Mikel"]
[Result "1/2-1/2"]
[WhiteElo "2464"]
[BlackElo "2448"]
[Annotator "TA"]
[PlyCount "21"]
[EventDate "2018.12.12"]
[EventType "tourn"]
[EventCountry "ESP"]
[SourceTitle "playchess.com"]
[Source "ChessBase"]
[SourceQuality "1"]

{[%evp 12,21,28,25,76,62,79,66,69,65,73,77]} 1. e4 g6 2. d4 Bg7 3. Nf3 d6 4. h3 Nf6 5. Nc3 O-O 6. Be2 c6 7. a4 {LiveBook: 126 Games} Nfd7 {B08: Pirc Defence: Classical System} (7... c5 $11 {keeps the balance.}) (7... Nbd7 8. O-O e5 9. dxe5 dxe5 10. b3 Qa5 11. Qe1 Rd8 12. Ba3 Nf8 13. Be7 Re8 14. Bd6 N6d7 15. Rd1 Qd8 16. Bc4 Qf6 17. Qe3 h6 {1-0 (49) Andreikin,D (2700)-Mamedyarov,S (2726) Astana 2012}) 8. O-O $16 b6 9. Be3 Ba6 10. Re1 $146 ({Predecessor:} 10. Qd2 Bxe2 11. Nxe2 e5 12. dxe5 Nxe5 13. Nxe5 dxe5 14. Rfd1 Na6 15. Qc3 {0-1 (35) Vega Gutierrez,S-Mertens,E (2070) Las Palmas 1997}) 10... Bxe2 11. Qxe2 1/2-1/2

[Event "XXVIII Magistral Elgoibar 2018"]
[Site "Elgoibar"]
[Date "2018.12.18"]
[Round "9"]
[White "Moreno Ruiz, Javier"]
[Black "Starostits, Ilmars"]
[Result "1/2-1/2"]
[WhiteElo "2450"]
[BlackElo "2458"]
[Annotator "TA"]
[PlyCount "38"]
[EventDate "2018.12.12"]
[EventType "tourn"]
[EventCountry "ESP"]
[SourceTitle "playchess.com"]
[Source "ChessBase"]
[SourceQuality "1"]

{[%evp 22,23,0,0]} 1. d4 Nf6 2. Bf4 g6 3. e3 Bg7 4. Nf3 O-O 5. Be2 b6 6. h3 Bb7 7. O-O c5 8. c3 d6 9. Nbd2 Nbd7 10. Bh2 Rc8 11. a4 a6 12. Re1 {LiveBook: 18 Games. A48: 1 d4 Nf6 2 Nf3 g6: Torre, London and Colle Systems} (12. Bd3 e5 13. dxe5 Nxe5 14. Nxe5 dxe5 15. Qe2 Qd6 16. Rfd1 Qc6 17. e4 Bh6 18. Nc4 Bf4 19. g3 Bh6 20. Nxe5 {½-½ (45) Banusz,T (2616)-Puranik,A (2459) Zalakaros 2017}) {Predecessor:} 12... Re8 $146 13. Bc4 d5 14. Bd3 Ne4 15. Qe2 c4 16. Bc2 f5 17. Ne5 Nxe5 18. Bxe5 Bxe5 19. dxe5 Qc7 {0-1 (100) Askarov,B (2422)-Kazakov,K (2390) Astana 2017} 1/2-1/2